000 nam a22 a 4500
999 _c3628
_d3628
003 AKMAL
005 20170523124054.0
008 170523s2006 my | e l 000 0 may d
020 _a9678917386 (kkt.)
040 _aAKMAL
082 0 4 _a343.595056 AKT
_222
090 0 0 _a343.595056
_bAKT
110 1 _aMalaysia
_9400
245 1 0 _aAkta Kastam 1967 (Akta 235) & Peraturan-peraturan (hingga 20hb Disember 2006) /
_cdisusun oleh Lembaga Penyelidikan Undang-Undang
260 _aPetaling Jaya :
_bInternational Law Book Services,
_c2006
300 _a198ms. ;
_c24cm.
650 1 0 _aTariff
_xLaw and legislation
_zMalaysia
_920
650 2 0 _aCustoms administration
_xLaw and legislation
_zMalaysia
_97180
710 2 _aLembaga Penyelidikan Undang-Undang
_97181
942 _2ddc
_cBOOK
950 _lAKMAL